| 000 | 01031nac a22002891i 4500 | ||
|---|---|---|---|
| 003 | EG-ScBUE | ||
| 005 | 20240707103931.0 | ||
| 008 | 240707s1998 ctuab f 001 0 eng d | ||
| 020 | _a0300070888 (alk. paper) | ||
| 020 | _a9780300070880 | ||
| 040 |
_aEG-ScBUE _beng _erda _cEG-ScBUE _dEG-ScBUE |
||
| 043 | _an-us--- | ||
| 082 | 0 | 4 |
_a978.003 _bAME _222 |
| 245 | 0 | 4 |
_aThe new encyclopedia of the American West / _cedited by Howard R. Lamar. |
| 264 | 1 |
_aNew Haven : _bYale University Press, _c1998. |
|
| 300 |
_axv, 1324 pages : _billustrations, maps ; _c29 cm |
||
| 336 |
_2rdacontent _atext _btxt |
||
| 337 |
_aunmediated _2rdamedia _bn |
||
| 338 |
_avolume _bnc _2rdacarrier |
||
| 500 | _aRev. ed. of: The Reader's encyclopedia of the American West. 1st ed. c1977. | ||
| 500 | _aIncludes index. | ||
| 650 | 7 |
_aFrontier and pioneer life _zWest (U.S.) _xEncyclopedias. _2BUEsh |
|
| 651 | 7 |
_aWest (U.S.) _xHistory _xEncyclopedias. _2BUEsh |
|
| 655 | _vReading book | ||
| 700 | 1 |
_aLamar, Howard Roberts, _eeditor. |
|
| 942 |
_cNB _2ddc |
||
| 999 |
_c9565 _d9565 |
||